Quizzes
Events
Quiz Creation
Community
Videos
Private Events
Remove Ads
Sign In
Join for FREE
Feedback
Dark Mode
Quiz Categories
Sports
Geography
Music
Movies
Television
Just For Fun
Miscellaneous
History
Literature
Language
Science
Gaming
Entertainment
Religion
Holiday
For Kids
Quiz Lab
Recent
Popular Today
Quiz Kudos Today
Editor Picks
Curator Picks
Quizzes by...
Day
Popularity
Type
Ratings
Length
Year
Community
Subscriptions
Recent Discussions
Orange Saloon
Badges
Playlists
Quests
Create
Leaderboards
Showdown
Live 5
Trivia Bingo
Activity
Puzzle Library
Sporcle Events
Private Events
Virtual Trivia
Globe League
Become a Host
Pub Owners
SporcleCon
Opinionation
Our Games
Videos
Blog
Mobile Apps
Partnerships
Remove Ads and Go Orange
Feedback
Movies
Disney
Marvel Cinematic Universe
Movie Resume
Movie Titles
Oscar
Actor
Actress
Director
Pixar
Role
Movie Quotes
Movie Characters
Box Office
Nominee
Best Picture
Star Wars
James Bond
Horror Movies
Movies
Disney
Marvel Cinematic Universe
Movie Resume
Movie Titles
Oscar
Actor
Actress
Director
Pixar
Role
Movie Quotes
Movie Characters
Box Office
Nominee
Best Picture
Star Wars
James Bond
Horror Movies
Random Quiz
Search Sporcle
×
Quiz Lab
Quiz Lab
Movies
Director
Type in answers that appear in a list
Type in answers that appear in a list
Classic
Best Score? Go Orange.
Sight & Sound Critics' Top Ten Polls 1952-2012 Stats
Can you name the films that have been named in Sight & Sound's Critics' Top Ten Polls from 1952-2012?
By
jarretttate
8m
73 Questions
585 Plays
585 Plays
585 Plays
Comments
Comments
Give Quiz Kudos
Give Quiz Kudos
-
- Ratings
hide this ad
Replay
Link that replays current quiz
Next Quiz
Link to next quiz in quiz playlist
You Got
0%
They Got
Avg Score
78%
Avg Friend Score
Upgrade to see
Score Distribution
Jump to the score distribution portion of the page
Score
0/73
Timer
08:00
0
Plays Today
Year
Film
% Correct
1962
Citizen Kane
99.1%
1972
Citizen Kane
99.1%
1982
Citizen Kane
99.1%
1992
Citizen Kane
99.1%
2002
Citizen Kane
99.1%
2012
Citizen Kane
99.1%
1982
Vertigo
97.4%
1992
Vertigo
97.4%
2002
Vertigo
97.4%
2012
Vertigo
97.4%
1992
2001: A Space Odyssey
95.7%
2002
2001: A Space Odyssey
95.7%
2012
2001: A Space Odyssey
95.7%
2002
The Godfather and The Godfather Part II
93.7%
1952
City Lights
90.9%
1972
8 1/2
89.9%
1982
8 1/2
89.9%
2002
8 1/2
89.9%
2012
8 1/2
89.9%
1992
The Searchers
89.7%
2012
The Searchers
89.7%
1982
The Searchers
89.7%
1952
Bicycle Thieves
89%
1962
Bicycle Thieves
89%
1982
Seven Samurai
88.9%
1952
Battleship Potemkin
88.5%
1962
Battleship Potemkin
88.5%
1972
Battleship Potemkin
88.5%
1982
Battleship Potemkin
88.5%
1992
Battleship Potemkin
88.5%
2002
Battleship Potemkin
88.5%
1992
Tokyo Story
86%
2002
Tokyo Story
86%
2012
Tokyo Story
86%
1972
The General
85.6%
1982
The General
85.6%
1952
The Gold Rush
79.8%
Year
Film
% Correct
1972
The Magnificent Ambersons
79.8%
1982
The Magnificent Ambersons
79.8%
1962
The Rules of the Game
79.6%
1972
The Rules of the Game
79.6%
1982
The Rules of the Game
79.6%
1992
The Rules of the Game
79.6%
2002
The Rules of the Game
79.6%
2012
The Rules of the Game
79.6%
1952
The Rules of the Game
79.6%
1952
Intolerance
78.6%
1982
Singin' in the Rain
76.2%
2002
Singin' in the Rain
76.2%
2002
Sunrise: A Song of Two Humans
74.7%
2012
Sunrise: A Song of Two Humans
74.7%
1952
The Passion of Joan of Arc
74.3%
1972
The Passion of Joan of Arc
74.3%
1992
The Passion of Joan of Arc
74.3%
2012
The Passion of Joan of Arc
74.3%
1972
Wild Strawberries
72.1%
1972
Persona
70.2%
1962
L'avventura
63.5%
1972
L'avventura
63.5%
1982
L'avventura
63.5%
2012
Man with a Movie Camera
62%
1952
Greed
55.8%
1962
Greed
55.8%
1962
L'Atalante
55.5%
1992
L'Atalante
55.5%
1992
Pather Panchali
53.3%
1952
Brief Encounter
53.1%
1962
Ugetsu Monogatari
50.3%
1972
Ugetsu Monogatari
50.3%
1962
Ivan the Terrible
41.6%
1952
Louisiana Story
20.9%
1952
Le Jour se lève
18.5%
1962
La terra trema
17.6%
Quiz Playlist
Details
Report
Send in Message
Add To Playlist
Classic:
Type in answers that appear in a list
Quiz Source
Last Updated: Feb 16, 2017
Quiz Scoreboard
CHALLENGE
Sign Up to Join the Scoreboard
Show All
Scores
Hide
Comments
May contain spoilers
Recently Published
1-10 Letter E Words III
by El_Dandy
Language
2m
One Thing in Common: World Cities II
by knightlancer
Geography
7m
Popular People in 1961
by mucciniale
History
6m
More to Explore
Quiz From the Vault
Featured Blog Post
Where Did the Easter Bunny Come From?
hide this ad
You Might Also Like...
Tags
Director Quiz
Movie Titles Quiz
10 Greatest
Film Critics
greatest
poll
sight
Sight Sound
sound
Top 10
Today's Top Quizzes in Movies
Browse Movies
hide this ad
Today's Top Quizzes in Director
Browse Director
Top Contributed Quizzes in Movies
1
Multi-Oscar Nominations, One Movie, One Winner
2
12 Movies about Fictional 1960s Events
3
One Thing in Common: Movies
4
Three Word 'T' Movies Match Up
5
Three Word 'H' Movies Match Up
6
Three Word 'M' Movies Match Up
7
Three Word 'L' Movies Match Up
8
Three Word 'R' Movies Match Up
9
Three Word 'S' Movies Match Up
10
Three Word 'U' & 'V' Movies Match Up
Explore More
Trending Topics
Marvel
Crossword
Anime
NBA
Kpop
Disney
Harry Potter
Country
Pokémon
Soccer
Song
WWE
NFL
Puzzle
The Office
hide this ad
More By:
jarretttate
Quiz
Plays
Rating
Category
Featured
Created
CTA Red Line
639
4.50
Miscellaneous
Apr 4, 2010
Sight & Sound Critics' Top Ten Polls 1952-2012
585
4.86
Movies
Aug 2, 2012
CTA Blue Line
464
4.25
Miscellaneous
Apr 5, 2010
CTA Brown Line
334
5.00
Miscellaneous
Apr 5, 2010
Sight & Sound Directors' Top Ten Polls 1992-2012
274
4.60
Movies
Aug 2, 2012
Go to Creator's Profile
Score Distribution
Quiz Creator Spotlight
jarretttate
Follow
Send a Message
Quizzes Created
-
Created Quiz Play Count
-
More By This Creator
Popular Quizzes Today
1
Find the US States - No Outlines Minefield
2
The Countries of the World
3
Popular People in 1961
4
Find the Countries of Europe - No Outlines Minefield
5
1-10 Letter E Words III
6
Find the US States
7
One Thing in Common: World Cities II
8
US States
More Movies Quizzes
Click the C Actor Movie (Level 1: Easy)
Quiz Lab
Trending Quizzes
1-10 Letter F Words
1-10 Letter G Words
Risky Map Clicking: Next State Alphabetically
1-10 Letter F Words II
Risky Map Clicking: States by Unique Starting Letters
Recently Updated
Leaping Animals
pecheneg
Reality TV Shows (A-Z)
bhenderson79
Rickey Henderson's Hall of Fame Teammates
pecheneg
Champions League XIs: Arsenal
pecheneg
Quick Pick: Celebrities in WWE's Hall of Fame
aduchscher
A-Z Keypad Blitz II
pecheneg
Multiple Oscar Actors
pecheneg
Mystery Phrase Blitz: Oscar 'Best Actors'
pecheneg
F. Scott Fitzgerald Novels
LTH
Pick 3 Villains
ddd62291
Trending Topics
Anime
NBA
Marvel
Harry Potter
Disney
Kpop
Crossword
Puzzle
The Office
Song
WWE
NFL
Country
Soccer
Pokémon
Your Account Isn't Verified!
In order to create a playlist on Sporcle, you need to verify the email address you used during registration. Go to your
Sporcle Settings
to finish the process.
Report this User
Report this user for behavior that violates our
Community Guidelines
.
Details:
Send Report
Go to the Sporcle.com Mobile Site →
Comments